1524 1808 1104 1840 1985 1558 1219 1467 1538 1190 1685 1955 1829 1497 1609 1859 1032 1844 1170 1250 1888 1061 1629 1956 1944 1976 1232 1173 1074 1122 1982 1816 1648 1150 1343 1972 1207 1338 1562 1003 1439 1134 1910 1733 1979 1668 1837 1974 1143 1301 1524 1718 1305 1569 1349 1372 1552 1458 1814 1447 1046 1753 1599 1366 1851 1229 1941 1107 1002 1113 1248 1138 1993 1263 1788 1599 1826 1717 1078 1167 1751 1304 1344 1939 1087 1698 1537 1136 1433 1336 1109 1055 1287 1359 1855 1295 1925 1298 1011 BCNSPRNW ULIB Ver.6.0+V

เปลี่ยนเป็นภาษาไทย

Change to English
 แสดงรายละเอียดบรรณานุกรม
  กลับหน้าหลัก

Brief Record : Get Marc (ISO 2709) : E-mail record : QR code < ปิดหน้าต่าง
LEADER : 00000nam 2200000uu 4500
001    13399121414
003     ULIB
008    121118s2551||||th 000 0 tha d
020    ^a9789749749661
050 04 ^aQA76.H35^bธ631ร
100 0  ^aธีรพงษ์ มงคลวุฒิกุล.
245 10 ^aรวมโปรแกรมสารพัดกู้ข้อมูล /&^c ธีรพงษ์ มงคลวุฒิกุล, เขียน ; ประภาพร ช่างไม้, บรรณาธิการ.
250    ^aพิมพ์ครั้งที่ 1.
260    ^aกรุงเทพฯ :&^b ไอดีซี อินโฟ ดิสทริบิวเตอร์ เซ็นเตอร์,&^c 2551.
300    ^a207 หน้า :&^b ภาพประกอบ +&^e ซีดีรอม 1 แผ่น.
500    ^aติดต่อรับซีดีที่มากับตัวเล่ม No.000519 ที่บริการยืม-คืน ชั้น 1
650  7 ^aการจัดการฮาร์ดดิสก์.
650  7 ^aระบบปฏิบัติการ (คอมพิวเตอร์)
650  7 ^aไมโครคอมพิวเตอร์^x การบำรุงรักษาและการซ่อมแซม.
650  7 ^aฮาร์ดดิสก์.
650  7 ^aคอมพิวเตอร์.
700 0  ^aประภาพร ช่างไม้.
945    ^p159^l0^i16162
995    ^aวิภา
999    ^aวิภา
รายการนี้ยังไม่มีแท็ก
คุณยังไม่ได้ล็อกอิน คุณสามารถมีกิจกรรมร่วมกับเว็บไซต์ได้ แต่ต้องล็อกอินก่อน ::
  ล็อกอิน

รายการสื่อสารสนเทศ

ลำดับที่ ประเภท เลขเรียก/บาร์โค้ด สถานที่ สถานะ
1. วิทยาศาสตร์การแพทย์ และสุขภาพ
วิทยาศาสตร์การแพทย์ และสุขภาพ
QA76.H35 ธ631ร  
  Barcode: 16162
ห้องสมุดวิทยาเขตสวรรค์ประชารักษ์
►หนังสือทั่วไป
บนชั้น

รายการใกล้เคียง
    หัวเรื่อง [ระบบปฏิบัติการ (คอมพิวเตอร์)]
    หัวเรื่อง [คอมพิวเตอร์.]

BibComment


ยังไม่เคยถูกคอมเมนท์

คอมเมนท์ทรัพยากรรายการนี้
  คอมเมนท์: รวมโปรแกรมสารพัด..


 Copyright 2026. Bcnsprnw @Library